Biblioteca y Centro de Documentación

Embattled Europe (Registro nro. 52236)

Detalles MARC
000 -CABECERA
Longitud fija campo de control 03110nam a2200433 4500
001 - NÚMERO DE CONTROL
Número de control 52236
003 - IDENTIFICADOR DE NÚMERO DE CONTROL
Identificador del número de control ES-MaCES
005 - FECHA Y HORA DE LA ÚLTIMA TRANSACCIÓN
Fecha y hora de la última transacción 20250203133828.0
008 - CAMPO FIJO DE DESCRIPCIÓN FIJA--INFORMACIÓN GENERAL
Códigos de información de longitud fija   220422s2021 us |||||||||||||||||eng|d
020 ## - ISBN (INTERNATIONAL STANDARD BOOK NUMBER)
Número Internacional Normalizado para Libros (ISBN) 9780691200415
040 ## - FUENTE DE CATALOGACIÓN
Centro catalogador de origen ES-MaCES
Lengua de catalogación spa
Centro transcriptor ES-MaCES
100 1# - ENCABEZAMIENTO PRINCIPAL--NOMBRE PERSONAL
9 (RLIN) 40292
Nombre de persona Jarausch, Konrad H.
245 10 - MENCIÓN DE TÍTULO
Título Embattled Europe
Resto del título : a progressive alternative
Mención de responsabilidad, etc. Konrad H. Jarausch
260 ## - PUBLICACIÓN, DISTRIBUCIÓN, ETC (PIE DE IMPRENTA)
Lugar de publicación, distribución, etc. Princenton
-- Oxford
Nombre del editor, distribuidor, etc. Princenton University Press
Fecha de publicación, distribución, etc. [2021]
300 ## - DESCRIPCIÓN FÍSICA
Extensión IX, 330 p.
Otras características físicas fot. bl. y n.
Dimensiones 25 cm
500 ## - NOTA GENERAL
Nota general Índices
504 ## - NOTA DE BIBLIOGRAFÍA, ETC.
Nota de bibliografía, etc. Bibliografía: p. 321-323
520 3# - RESUMEN, ETC.
Sumario, etc, ¿Está la Unión Europea en decadencia? La historia reciente, desde las crisis de la deuda y la migración hasta el Brexit, ha llevado a muchos observadores a argumentar que los mejores días de la UE quedaron atrás. Durante la última década, los populistas de derecha han llegado al poder en Polonia, Hungría y más allá, muchos de ellos ganando elecciones utilizando una retórica estridente contra la UE. Al mismo tiempo, Rusia representa una amenaza militar continua y el auge de Asia ha desafiado el poder económico de la UE. Pero en Europa en conflicto, el renombrado historiador europeo Konrad Jarausch contrarresta la narrativa pesimista predominante de la obsolescencia europea con una defensa conmovedora pero realista del continente, basada en un nuevo relato de su historia posterior a 1989 y una comprensión íntima de sus horrores del siglo XX.<br/>Una narrativa atractiva y un análisis de sondeo, Embattled Europe cuenta la historia de cómo la UE surgió como un modelo de gobernanza democrática y crecimiento económico equilibrado, adaptándose a los tiempos cambiantes y conservando su sistema de valores. El libro describe el admirable enfoque de la UE hacia el medio ambiente, el bienestar social, la inmigración y la competitividad global. Y presenta historias de éxito europeas subestimadas, incluida la transición de Dinamarca a una economía verde, la reestructuración de Suecia de su estado de bienestar y el milagro económico de Polonia.<br/>La Europa asediada presenta un caso poderoso de que Europa, con su política exterior pacífica, solidaridad de bienestar social y protección ambiental, ofrece la mejor alternativa progresista al aventurerismo militar y la desigualdad desenfrenada del capitalismo plutocrático y el autoritarismo de derecha.
541 ## - NOTA DE LA FUENTE INMEDIANTE DE ADQUISICIÓN
Forma de adquisición Compra
650 #4 - ASIENTO SECUNDARIO DE MATERIA--TÉRMINO DE MATERIA
9 (RLIN) 29381
Término de materia o nombre geográfico como elemento inicial integración política
650 #4 - ASIENTO SECUNDARIO DE MATERIA--TÉRMINO DE MATERIA
9 (RLIN) 30760
Término de materia o nombre geográfico como elemento inicial UEM
650 #4 - ASIENTO SECUNDARIO DE MATERIA--TÉRMINO DE MATERIA
9 (RLIN) 28111
Término de materia o nombre geográfico como elemento inicial deuda
650 #4 - ASIENTO SECUNDARIO DE MATERIA--TÉRMINO DE MATERIA
9 (RLIN) 27102
Término de materia o nombre geográfico como elemento inicial crisis económica
650 #4 - ASIENTO SECUNDARIO DE MATERIA--TÉRMINO DE MATERIA
9 (RLIN) 26687
Término de materia o nombre geográfico como elemento inicial política exterior
650 #4 - ASIENTO SECUNDARIO DE MATERIA--TÉRMINO DE MATERIA
9 (RLIN) 29183
Término de materia o nombre geográfico como elemento inicial política migratoria
650 #4 - ASIENTO SECUNDARIO DE MATERIA--TÉRMINO DE MATERIA
9 (RLIN) 39945
Término de materia o nombre geográfico como elemento inicial Brexit
650 #4 - ASIENTO SECUNDARIO DE MATERIA--TÉRMINO DE MATERIA
9 (RLIN) 27244
Término de materia o nombre geográfico como elemento inicial problema político
650 #4 - ASIENTO SECUNDARIO DE MATERIA--TÉRMINO DE MATERIA
9 (RLIN) 30961
Término de materia o nombre geográfico como elemento inicial cambio climático
650 #4 - ASIENTO SECUNDARIO DE MATERIA--TÉRMINO DE MATERIA
9 (RLIN) 30785
Término de materia o nombre geográfico como elemento inicial desarrollo sostenible
650 #4 - ASIENTO SECUNDARIO DE MATERIA--TÉRMINO DE MATERIA
9 (RLIN) 29481
Término de materia o nombre geográfico como elemento inicial Estado-Benefactor
650 #4 - ASIENTO SECUNDARIO DE MATERIA--TÉRMINO DE MATERIA
9 (RLIN) 30776
Término de materia o nombre geográfico como elemento inicial política comunitaria
650 #4 - ASIENTO SECUNDARIO DE MATERIA--TÉRMINO DE MATERIA
9 (RLIN) 29225
Término de materia o nombre geográfico como elemento inicial desarrollo político
650 #4 - ASIENTO SECUNDARIO DE MATERIA--TÉRMINO DE MATERIA
9 (RLIN) 26752
Término de materia o nombre geográfico como elemento inicial UE
650 #4 - ASIENTO SECUNDARIO DE MATERIA--TÉRMINO DE MATERIA
9 (RLIN) 27251
Término de materia o nombre geográfico como elemento inicial historia
653 10 - TÉRMINO DE INDEXACIÓN--NO CONTROLADO
Término no controlado Mercado Único Europeo
710 2# - ENCABEZAMIENTO SECUNDARIO--NOMBRE CORPORATIVO
9 (RLIN) 4853
Nombre de entidad o nombre de jurisdicción como elemento inicial Princeton University
Término indicativo de función ed.
902 ## - CES. TIPO DE DOCUMENTO
Tipodoc (006$c Sirtex) LIB Libro
942 ## - ELEMENTOS KOHA
Fuente de clasificaión o esquema Clasificación propia del CES
Koha [por defecto] tipo de item Monografías
Parte de clasificación Mercado Ünico Europeo
Existencias
Número de registro Signatura completa Tipo de item de Koha
092641 SG-1.0.-85 Monografías
© CES, Consejo Económico y Social de España 2021